| 000 | 00897nam a2200217 i 4500 | ||
|---|---|---|---|
| 001 | 19923 | ||
| 003 | ES-MaACL | ||
| 005 | 20240525062941.0 | ||
| 007 | t| | ||
| 008 | 021031s1873 sp |||| | spa d | ||
| 100 | 1 |
_aArmengol y Cornet, Pedro, _d1837-1896 _922949 |
|
| 245 | 1 | 3 |
_aLa reincidencia / _cpor Pedro Armengol y Cornet. |
| 260 |
_aBarcelona : _b[s.n.], _c1873 ( _fEstab. tip. de Jaime Jepús) |
||
| 300 |
_a214 p., [1] h. pleg. ; _c25 cm. |
||
| 530 | _aDisponible en formato digital. | ||
| 594 | _aPrecede al tít.: Estudios penitenciarios. | ||
| 650 | 1 | 4 |
_aReincidencia. _916775 |
| 852 |
_aES-MaACL _jD-111(2) _z- Encuadernado en vol. facticio, en el lomo: Estudios penitenciarios, La reincidencia _z. - Donativo Lastres |
||
| 856 |
_uhttps://bvpb.mcu.es/es/consulta/registro.do?id=577785 _zBiblioteca Virtual del Patrimonio Bibliográfico |
||
| 999 |
_c19923 _d19923 |
||